Statistics for Top 50 NCAA Football Coaches (2020)

Click here to take the quiz!

General Stats

  • This quiz has been taken 40 times
  • The average score is 19 of 50

Answer Stats

#CoachAge% Correct
1Nick Saban69
97%
2Dabo Swinney51
79%
5Jimbo Fisher55
79%
12Jim Harbaugh56
79%
8Brian Kelly59
74%
4Kirby Smart44
71%
6Ryan Day41
71%
3Ed Orgeron59
62%
19Mack Brown69
62%
40Neal Brown40
62%
10James Franklin48
59%
7Lincoln Riley37
59%
37Lane Kiffin45
56%
25Mark Stoops53
47%
26Pat Fitzgerald45
47%
18Kirk Ferentz65
44%
9Dan Mullen48
41%
11Gus Malzahn55
41%
13Mario Cristobal50
41%
27Clay Helton48
38%
28Mike Leach59
38%
21Herm Edwards66
35%
42Luke Fickell47
35%
29Matt Campbell40
35%
17P.J. Fleck39
35%
14Paul Chryst55
32%
15Tom Herman45
32%
43Bryan Harsin44
29%
16Kyle Whittingham61
29%
32Mike Gundy53
29%
22David Shaw48
26%
44Greg Schiano54
26%
45Jeff Brohm49
26%
36Josh Heupel42
26%
31Mike Norvell39
26%
24Bronco Mendenhall54
24%
20Gary Patterson60
24%
33Justin Fuente44
24%
41Tom Allen50
21%
30David Cutcliffe66
18%
39Justin Wilcox44
18%
38Les Miles67
18%
35Chris Klieman53
15%
34Dave Clawson53
15%
23Scott Satterfield47
15%
49Jeremy Pruitt46
12%
50Jeff Tedford59
9%
48Bill Clark52
6%
47Ken Niumatolo55
3%
46Dino Barbers59
0%

Score Distribution

Percentile by Number Answered

Percent of People with Each Score

Your Score History

You have not taken this quiz